00657cam a22002291 4500001001300000003000400013005001700017008004100034010001700075035002000092040001700112042001200129050001800141100001900159245008000178260004700258300003300305650002000338650001400358752003800372999001700410he 67000873 DLC20260227111446.0840716s1964 nyu 000 0 heb  ahe 67000873  a(OCoLC)19188959 aDLCcMHdDLC apremarc00aBM740.2b.S281 aSchick, David.10aImre Daṿid /c...yotse le-ʼor...ʻal yede Yeḳutiʼel Mordekhai Shiḳ. aBrooklyn :bDefus S. Doyṭsh,c724 [1964] a3 v. in 1 (320 p.)c; 29 cm. 0aJewish sermons. 0aResponsa. aUnited StatesbNew YorkdNew York c32356d32356